Informácie a informačné systémy vo vybranom podniku bakalárska práca

Saved in:
Bibliographic Details
Main Author: Mináriková, Tereza
Corporate Author: Fakulta podnikového manažmentu EU. Katedra manažmentu
Other Authors: Abuladze, Lasha, 1991-
Format: Book
Language:Slovak
Published: Bratislava 2022
Tags: Add Tag
No Tags, Be the first to tag this record!

MARC

LEADER 00000nbm a2200000 4500
001 0285435
005 20230221142625.1
041 0 |a slo 
044 |a SK 
245 1 0 |a Informácie a informačné systémy vo vybranom podniku  |b bakalárska práca  |c Tereza Mináriková ; školiteľ: Lasha Abuladze 
264 1 |a Bratislava  |c 2022 
300 |a 44 s. 
100 1 |a Mináriková, Tereza 
700 1 |a Abuladze, Lasha, 1991- 
710 2 |a Fakulta podnikového manažmentu EU. Katedra manažmentu